The lion's lesson

Bibliographic Details
Main Author: Kumara Velu
Format: Book
Published: Selangor : Pustaka Murni , 2004
Series:Our favourite moral tales
Subjects:

MARC

LEADER 00000cam a2200000 7i4500
001 0000005274
005 20220105104010.0
008 070802
020 |a 9830782573(set) 
020 |a 9830782611 
090 0 0 |a JP   |b MOR ENG (6156) 
100 0 |a Kumara Velu 
245 1 4 |a The lion's lesson   |c Kumara Velu 
260 |a Selangor :   |b Pustaka Murni ,   |c 2004 
440 |a Our favourite moral tales 
500 |a Children age 4-6 years old (yellow) 
650 0 |a Children's stories, English 
650 0 |a English fiction 
650 0 |a Moral 
999 |a 0000859461   |b Book   |c Children Collection   |e Cawangan Tmn. Ungku Tun Aminah 
999 |a 0000859464   |b Book   |c Children Collection   |e Cawangan Mersing 
999 |a 0000979308   |b Book   |c Children Collection   |e Cawangan Bandar Penawar 
999 |a 0000979309   |b Book   |c Children Collection   |e Cawangan Kota Tinggi 
999 |a 0000979310   |b Book   |c Children Collection   |e Cawangan Pontian 
999 |a 0000979311   |b Book   |c Children Collection   |e Perbadanan Perpustakaan Awam Johor 
999 |a 0000979312   |b Book   |c Children Collection   |e Perbadanan Perpustakaan Awam Johor